00868nam a2200241Ia 450000100060000000300090000600800410001504000130005604000130006904100130008210000180009510000290011324500420014224500380018425000110022226000110023326000150024426000490025930000570030850002050036565000250057065000310059579027IT-RoPAU130308s9999 xx 000 0 und d aIT-RoPAU cIT-RoPAU aITALIANO aGivone Sergio gCodice Aut. SPICS: 27273 aCrucialità dell'esperienza estetica bLinguaggi della Comunicazione (I) a1a ed. aPADOVA bGregoriana c1987 [1° Ed.:1987 - Ed.Ling.Originale:1985] a"15 p. (prefazione: no ; testo: 15 [pagine: 37-51])" aRivendicazione dell'Essenza Ludica della Realtà Anima Nichilista Es Estetizzante della Prospettiva Gadameriana nell'Arte Il Capolavoro della simulazione Parola si Sacrifica Alla potenza del Negativo aSAGGI DI LINGUISTICA eCodice materia Spics: 3207